000 00983nam a22003017a 4500
003 CHAP
005 20220329143756.0
008 110808s2010 mx a r 00010 spa d
010 _a101752
011 _a102724
020 _a9706289615
035 _a113413
040 _cCHAP
082 0 4 _a325.1
_bSo12
100 1 _aSobrino, Jaime
_9108030
245 1 0 _aMigración interna en México durante el siglo XX
_c/por Jaime Sobrino
260 _aMexico, D.F. :
_bConsejo Nacional de Población,
_c2010
300 _a171 p. :
_bilus., cuadros, gráfs.
590 _aBATCH-UPD
_b10
_c20130110
_lUCH01
_h1718
590 _aBATCH-UPD
_b10
_c20130410
_lUCH01
_h1102
590 _aBATCH-UPD
_b10
_c20130914
_lUCH01
_h1259
590 _aCONVERSION
_b10
_c20130109
_lUCH01
_h1356
650 1 4 _aEmigración e inmigración.
_936517
650 1 4 _aMigración interna
_zMéxico.
_975608
901 _aBK
942 _cLIBRO
949 _a325.1 So12
_bBC
_cLIBRO
_d33724002300842
_eLIBRO
_h115524
_i113413
_sb
999 _c101752
_d101752